Quizzes
Events
Quiz Creation
Community
Videos
Private Events
Remove Ads
Sign In
Join for FREE
Feedback
Dark Mode
Quiz Categories
Sports
Geography
Music
Movies
Television
Just For Fun
Miscellaneous
History
Literature
Language
Science
Gaming
Entertainment
Religion
Holiday
For Kids
Quiz Lab
Recent
Popular Today
Quiz Kudos Today
Editor Picks
Curator Picks
Quizzes by...
Day
Popularity
Type
Ratings
Length
Year
Community
Subscriptions
Recent Discussions
Orange Saloon
Badges
Playlists
Quests
Create
Leaderboards
Showdown
Live 5
Trivia Bingo
Activity
Puzzle Library
Sporcle Events
Private Events
Virtual Trivia
Globe League
Become a Host
Pub Owners
SporcleCon
Opinionation
Our Games
Videos
Blog
Mobile Apps
Partnerships
Remove Ads and Go Orange
Feedback
Music
Pop Music
The Beatles
Song
Album
Lyrics
Bands
Singers
Artist
Clip
Rock
Rap
Classical
Billboard
Country Music
Kpop
Taylor Swift
Music
Pop Music
The Beatles
Song
Album
Lyrics
Bands
Singers
Artist
Clip
Rock
Rap
Classical
Billboard
Country Music
Kpop
Taylor Swift
Random Quiz
Search Sporcle
×
Quiz Lab
Quiz Lab
Music
Type in answers that appear in a list
Type in answers that appear in a list
Classic
Best Score? Go Orange.
RoadTripTv No No No Lyrics Stats
Can you name the RoadTripTv No No No Lyrics?
By
pinedacarissa
15m
159 Questions
108 Plays
108 Plays
108 Plays
Comments
Comments
Give Quiz Kudos
Give Quiz Kudos
-
- Ratings
hide this ad
Replay
Link that replays current quiz
Next Quiz
Link to next quiz in quiz playlist
You Got
0%
They Got
Avg Score
79%
Avg Friend Score
Upgrade to see
Score Distribution
Jump to the score distribution portion of the page
Score
0/159
Timer
15:00
0
Plays Today
% Correct
You
96.3%
Said
96.3%
Your
96.3%
You
96.3%
Your
96.3%
You
96.3%
Your
96.3%
You
96.3%
You
96.3%
Your
96.3%
You
96.3%
Said
96.3%
You
96.3%
Said
96.3%
You
96.3%
You
96.3%
Your
96.3%
You
96.3%
You
96.3%
You
96.3%
Your
96.3%
You
96.3%
Said
96.3%
You
96.3%
Said
96.3%
You
96.3%
Said
96.3%
Wait
92.6%
Outside
92.6%
Washing
92.6%
Hair
92.6%
A
92.6%
A
92.6%
A
92.6%
A
92.6%
A
92.6%
A
92.6%
A
92.6%
A
92.6%
A
92.6%
I
91.7%
I
91.7%
I
91.7%
I
91.7%
I
91.7%
I
91.7%
I
91.7%
I
91.7%
I
91.7%
Place
90.7%
While
90.7%
Were
88.9%
But
88.9%
% Correct
And
88.9%
And
88.9%
In
88.9%
And
88.9%
And
88.9%
And
88.9%
And
88.9%
And
88.9%
And
88.9%
And
88.9%
And
88.9%
And
88.9%
And
88.9%
Didn't
87%
Come
87%
Little
87%
See
87%
bit
86.1%
Scared
86.1%
Got
86.1%
Got
86.1%
Got
86.1%
No
86.1%
Got
86.1%
Got
86.1%
No
86.1%
No
86.1%
No
86.1%
Wanna
84.3%
Inside
84.3%
Want
84.3%
Want
84.3%
Seemed
82.4%
Reputation
82.4%
Me
82.4%
Me
82.4%
I'm
81.5%
I'm
81.5%
Boyfriend
80.6%
Girlfriend
80.6%
Boyfriend
80.6%
Boyfriend
80.6%
Girlfriend
80.6%
Think
79.6%
Bad
79.6%
The
79.6%
Mum
78.7%
Dad
78.7%
Be
77.8%
They
76.9%
Lie
75.9%
Lie
75.9%
Know
75%
% Correct
That's
75%
That's
75%
Know
75%
That's
75%
That's
75%
It's
74.1%
Imagination
74.1%
Deep
73.1%
Down
73.1%
Lad
73.1%
Good
72.2%
When
72.2%
When
72.2%
Toyfriend
71.3%
Toyfriend
71.3%
Their
70.4%
Told
69.4%
Told
69.4%
On
66.7%
On
66.7%
Bike
60.2%
Bike
60.2%
No No No No No No
58.3%
No No No No No No
58.3%
No No No No No No
58.3%
No No No No No No
58.3%
Any
58.3%
Other
58.3%
No No No No No No
58.3%
No No No No No No
58.3%
No No No No No No
58.3%
No No No No No No
58.3%
Night
57.4%
Strong
56.5%
Can
54.6%
Feeling
53.7%
With
52.8%
Don't
51.9%
Time
51.9%
This
50%
Cos
46.3%
Cos
46.3%
Cos
46.3%
Cos
46.3%
Cos
46.3%
Cos
46.3%
Why
44.4%
Can't
44.4%
Although
43.5%
Oh No
40.7%
You Said
38.9%
Oh Baby Yeah
38.9%
Fight
33.3%
Quiz Playlist
Details
Report
Send in Message
Add To Playlist
Classic:
Type in answers that appear in a list
Quiz Source
Last Updated: Jul 11, 2019
Quiz Scoreboard
CHALLENGE
Sign Up to Join the Scoreboard
Show All
Scores
Hide
Comments
May contain spoilers
Recently Published
Popular People in 1961
by mucciniale
History
6m
1-10 Letter E Words III
by El_Dandy
Language
2m
One Thing in Common: World Cities II
by knightlancer
Geography
7m
More to Explore
Quiz From the Vault
Featured Blog Post
Where Did the Easter Bunny Come From?
hide this ad
You Might Also Like...
Tags
This quiz does not have any tags.
Today's Top Quizzes in Music
Browse Music
hide this ad
Top Contributed Quizzes in Music
1
Taylor Swift All Songs (2024)
2
Taylor Swift Logic Puzzle
3
2010s Album by Cover III
4
Guess the Taylor Swift song (Mystery Song)
5
One Thing in Common: Music
6
Guess the Artist- 70s Songs
7
2010s Album by Cover IV
8
2010s Album by Cover V
9
Get the Picture: Carrie or Dolly
10
Lana Del Rey Discography (BTD to DYKTTATUOB)
Explore More
Trending Topics
Kpop
Marvel
Harry Potter
NBA
Disney
Anime
Crossword
The Office
Country
Song
Pokémon
Soccer
WWE
Puzzle
NFL
hide this ad
More By:
pinedacarissa
Quiz
Plays
Rating
Category
Featured
Created
RoadTripTv Quiz #1
198
Music
Jul 12, 2019
RoadTripTv Eternal Lyrics
183
Music
Jul 12, 2019
RoadTripTv Stranger Lyrics
171
5.00
Music
Jul 11, 2019
RoadTripTv After The Show Lyrics
167
Music
Jul 11, 2019
RoadTripTv Flashing Lights Lyrics
153
Music
Jul 12, 2019
Go to Creator's Profile
Score Distribution
Quiz Creator Spotlight
pinedacarissa
Follow
Send a Message
Quizzes Created
-
Created Quiz Play Count
-
More By This Creator
Popular Quizzes Today
1
Find the US States - No Outlines Minefield
2
The Countries of the World
3
Popular People in 1961
4
Find the Countries of Europe - No Outlines Minefield
5
1-10 Letter E Words III
6
Find the US States
7
One Thing in Common: World Cities II
8
US States
More Music Quizzes
3 Songs, 1 Missing Word V
Published
Trending Quizzes
1-10 Letter F Words
One Thing in Common: Music
1-10 Letter G Words
Risky Map Clicking: Next State Alphabetically
1-10 Letter F Words II
Recently Updated
Leaping Animals
pecheneg
Reality TV Shows (A-Z)
bhenderson79
Rickey Henderson's Hall of Fame Teammates
pecheneg
Champions League XIs: Arsenal
pecheneg
Quick Pick: Celebrities in WWE's Hall of Fame
aduchscher
A-Z Keypad Blitz II
pecheneg
Multiple Oscar Actors
pecheneg
Mystery Phrase Blitz: Oscar 'Best Actors'
pecheneg
F. Scott Fitzgerald Novels
LTH
Pick 3 Villains
ddd62291
Trending Topics
Kpop
Crossword
Anime
Harry Potter
NBA
Disney
Marvel
Country
Soccer
The Office
WWE
Puzzle
NFL
Pokémon
Song
Your Account Isn't Verified!
In order to create a playlist on Sporcle, you need to verify the email address you used during registration. Go to your
Sporcle Settings
to finish the process.
Report this User
Report this user for behavior that violates our
Community Guidelines
.
Details:
Send Report
Go to the Sporcle.com Mobile Site →
Comments